000 00643nam a2200193Ia 4500
005 20260120124646.0
008 008 260114s9999 xx 000 0 eng d
020 _a9780124245204
037 _aEBOOK
040 _aCRL
_beng
_cCRL
041 _aeng
_2eng
084 _qCRL
245 0 _aOperations Research for Libraries and Information Agencies: Techniques for the Evaluation of Management Decision Alternatives
260 _bEmerald Publishing
_c1991
700 _aDonald H. Kraft
_9908917
856 _uhttps://www.emerald.com/insight/publication/doi/10.1108/S1876-0562(1991)91B
942 _cEBOOK
999 _c1500834
_d1500834